000 00603nam a2200229Ia 4500
003 OSt
005 20220923225636.0
006 a|||||r|||| 00| 0
007 ta
008 Pun
024 _a272,986
037 _cTextual
040 _aARTS
_cARTS
_bPun
041 _2Pun
_aPun
082 _aO153vN5, K6
100 _aਬਾਹਰੀ, ਸੀਤਾ ਰਾਮ
_9156266
245 0 _aਸਾਹਿਤ ਮੰਥਨ
260 _c1966
650 _aਪੰਜਾਬੀ ਸਾਹਿਤ
942 _hO153vN5, K6
_cTEXL
_2CC
999 _c379627
_d379627